| 000 | 00588nam a22001937a 4500 | ||
|---|---|---|---|
| 999 |
_c16310 _d16310 |
||
| 008 | 170217b xxu||||| |||| 00| 0 eng d | ||
| 020 | _a0521884761 | ||
| 040 |
_aKABU _cKABU |
||
| 050 |
_aKU3535 _b.R67 2007 C.1 |
||
| 100 | _aRoss QC, David | ||
| 245 |
_aAdvocacy _cby David Ross QC |
||
| 250 | _a2 nd ed. | ||
| 260 |
_aNew York _bCambridge _c2007 |
||
| 300 | _axi, 180 p. | ||
| 650 |
_aRrial pratice _zAustralia |
||
| 650 |
_aExamination of witnesses _zAustralia |
||
| 650 |
_aLegal etiquette _zAustralia |
||
| 942 |
_2lcc _cBK _e2 nd ed. _hKU3535 .R67 2007 C.1 |
||